Quizzes
Events
Quiz Creation
Community
Videos
Private Events
Remove Ads
Sign In
Join for FREE
Feedback
Dark Mode
Quiz Categories
Sports
Geography
Music
Movies
Television
Just For Fun
Miscellaneous
History
Literature
Language
Science
Gaming
Entertainment
Religion
Holiday
For Kids
Quiz Lab
Recent
Popular Today
Quiz Kudos Today
Editor Picks
Curator Picks
Quizzes by...
Day
Popularity
Type
Ratings
Length
Year
Community
Subscriptions
Recent Discussions
Orange Saloon
Badges
Playlists
Quests
Create
Leaderboards
Showdown
Live 5
Trivia Bingo
Activity
Puzzle Library
Sporcle Events
Private Events
Virtual Trivia
Globe League
Become a Host
Pub Owners
SporcleCon
Opinionation
Our Games
Videos
Blog
Mobile Apps
Partnerships
Remove Ads and Go Orange
Feedback
Music
Pop Music
The Beatles
Song
Album
Lyrics
Bands
Singers
Artist
Clip
Rock
Rap
Classical
Billboard
Country Music
Kpop
Taylor Swift
Music
Pop Music
The Beatles
Song
Album
Lyrics
Bands
Singers
Artist
Clip
Rock
Rap
Classical
Billboard
Country Music
Kpop
Taylor Swift
Random Quiz
Search Sporcle
×
Quiz Lab
Quiz Lab
Music
Bands
Type in answers that appear in a list
Type in answers that appear in a list
Classic
Best Score? Go Orange.
My Favourite Bands Stats
Can you name the My Favourite Bands?
By
RossGeller
10m
75 Questions
56 Plays
56 Plays
56 Plays
Comments
Comments
Give Quiz Kudos
Give Quiz Kudos
-
- Ratings
hide this ad
Replay
Link that replays current quiz
Next Quiz
Link to next quiz in quiz playlist
You Got
0%
They Got
Avg Score
22%
Avg Friend Score
Upgrade to see
Score Distribution
Jump to the score distribution portion of the page
Score
0/75
Timer
10:00
0
Plays Today
% Correct
The Beatles
82.1%
Nirvana
73.2%
Green Day
69.6%
U2
60.7%
Blink 182
57.1%
Queen
53.6%
Foo Fighters
50%
The Arctic Monkeys
48.2%
The Killers
48.2%
Red Hot Chili Peppers
48.2%
The Smiths
44.6%
Oasis
42.9%
Radiohead
37.5%
Weezer
37.5%
Sum 41
35.7%
The Cure
33.9%
Kings of Leon
33.9%
The Strokes
33.9%
Beach Boys
32.1%
R.E.M.
32.1%
Smashing Pumpkins
32.1%
Blur
32.1%
Kaiser Chiefs
30.4%
Franz Ferdinand
28.6%
Joy Division
25%
The Police
25%
Pixies
23.2%
All American Rejects
21.4%
Kooks
21.4%
The Stone Roses
21.4%
Simple Plan
19.6%
The Hives
17.9%
Kasabian
17.9%
Pulp
17.9%
Snow Patrol
17.9%
The Zutons
17.9%
Pigeon Detectives
16.1%
The Coral
14.3%
% Correct
Stereophonics
14.3%
Talking Heads
14.3%
The Thermals
14.3%
Wheatus
14.3%
The Wombats
14.3%
Bowling for Soup
12.5%
Feeder
12.5%
Mona
12.5%
Smash Mouth
12.5%
We Are Scientists
12.5%
The Byrds
10.7%
The Lemonheads
10.7%
The Libertines
10.7%
Manic Street Preachers
10.7%
Matchbox Twenty
10.7%
Third Eye Blind
10.7%
Vampire Weekend
10.7%
The Young Knives
10.7%
The Fratellis
8.9%
Maximo Park
8.9%
Razorlight
8.9%
The Replacements
8.9%
The View
8.9%
Babyshambles
7.1%
The Cribs
7.1%
Eels
7.1%
The Prodigy
7.1%
Wolfmother
7.1%
The Apples in Stereo
5.4%
Primal Scream
5.4%
Slagsmalsklubben
5.4%
Spin Doctors
5.4%
The Wildhearts
5.4%
The Dead 60's
3.6%
The Gaslight Anthem
3.6%
Tokyo Police Club
3.6%
Turin Brakes
1.8%
Quiz Playlist
Details
Report
Send in Message
Add To Playlist
Classic:
Type in answers that appear in a list
Last Updated: Feb 16, 2017
Quiz Scoreboard
CHALLENGE
Sign Up to Join the Scoreboard
Show All
Scores
Hide
Comments
May contain spoilers
Recently Published
An Introduction to Baseball
by treessimontrees
Sports
5m
Movies - When Are They Set?
by FPL_Elf
Movies
5m
Popular People in 1961
by mucciniale
History
6m
More to Explore
Quiz From the Vault
Featured Blog Post
Where Did the Easter Bunny Come From?
hide this ad
You Might Also Like...
Tags
Bands Quiz
Favorite
Today's Top Quizzes in Music
Browse Music
hide this ad
Today's Top Quizzes in Bands
Browse Bands
Top Contributed Quizzes in Music
1
Taylor Swift All Songs (2024)
2
Guess the Artist- 70s Songs
3
KPOP LOGIC QUIZ
4
One Thing in Common: Music
5
2010s Album by Cover III
6
Guess the Taylor Swift song (Mystery Song)
7
Taylor Swift Logic Puzzle
8
2010s Album by Cover IV
9
2010s Album by Cover V
10
Kpop Logic Quiz
Explore More
Trending Topics
Crossword
Marvel
Disney
NBA
Kpop
Anime
Harry Potter
The Office
Pokémon
Song
Soccer
NFL
Country
Puzzle
WWE
hide this ad
More By:
RossGeller
Quiz
Plays
Rating
Category
Featured
Created
Jake Gyllenhaal Movies
51,737
3.79
Movies
Sep 23, 2009
8 or More Episodes of 8 out of 10 Cats
3,427
4.59
Television
Jan 6, 2010
The Inbetweeners Episodes
1,452
2.75
Television
Jan 7, 2010
Films By Initials
1,101
3.00
Movies
Jan 22, 2010
The Simpsons Characters A-Z
1,093
3.22
Television
Feb 2, 2010
Go to Creator's Profile
Score Distribution
Quiz Creator Spotlight
RossGeller
Follow
Send a Message
Quizzes Created
-
Created Quiz Play Count
-
More By This Creator
Popular Quizzes Today
1
Find the Countries of Europe - No Outlines Minefield
2
Find the US States - No Outlines Minefield
3
The Countries of the World
4
Popular People in 1961
5
US States
6
Find the US States
7
1-10 Letter E Words III
8
Risky Map Clicking: Biggest States A-Z
More Music Quizzes
Board Games by Music Artist
Published
Trending Quizzes
Risky Map Clicking: Least Populous States A-Z
1-10 Letter F Words
1-10 Letter G Words
Not Quite an Element Typing Challenge
One Thing in Common: United Kingdom
Recently Updated
Leaping Animals
pecheneg
Reality TV Shows (A-Z)
bhenderson79
Rickey Henderson's Hall of Fame Teammates
pecheneg
Champions League XIs: Arsenal
pecheneg
Quick Pick: Celebrities in WWE's Hall of Fame
aduchscher
A-Z Keypad Blitz II
pecheneg
Multiple Oscar Actors
pecheneg
Mystery Phrase Blitz: Oscar 'Best Actors'
pecheneg
F. Scott Fitzgerald Novels
LTH
Pick 3 Villains
ddd62291
Trending Topics
Disney
Kpop
NBA
Marvel
Harry Potter
Crossword
Anime
Puzzle
Soccer
Song
NFL
WWE
Pokémon
Country
The Office
Your Account Isn't Verified!
In order to create a playlist on Sporcle, you need to verify the email address you used during registration. Go to your
Sporcle Settings
to finish the process.
Report this User
Report this user for behavior that violates our
Community Guidelines
.
Details:
Send Report
Go to the Sporcle.com Mobile Site →
Comments